header

Programming language pragmatics (Record no. 215210)

MARC details
000 -LEADER
fixed length control field 01270nam a2200325Ia 4500
100 1# - MAIN ENTRY--AUTHOR NAME
Personal name Scott, Michael Lee,
245 10 - TITLE STATEMENT
Title Programming language pragmatics
250 ## - EDITION STATEMENT
Edition statement 2nd ed.
260 ## - PUBLICATION, DISTRIBUTION, ETC. (IMPRINT)
Place of publication San Francisco, Calif. :
Name of publisher Morgan Kaufmann ;
Place of publication Oxford :
Name of publisher Elsevier Science [distributor],
Year of publication c2006.
300 ## - PHYSICAL DESCRIPTION
Number of Pages xxxi, 875 p. :
Other physical details ill.
500 ## - GENERAL NOTE
General note Previous ed.: 1999.
650 #0 - SUBJECT ADDED ENTRY--TOPICAL TERM
Topical Term Programming languages (Electronic computers)
Topical Term Computer science.
856 40 - ELECTRONIC LOCATION AND ACCESS
Uniform Resource Identifier http://site.ebrary.com/lib/rucke/Doc?id=10502565

No items available.

© 2026 Rongo University
Contact us: librarian | system librarian | Rongo university